|
|
|
|
| LEADER |
00000cam a22000007a 4500 |
| 001 |
2698 |
| 003 |
CZ-ZlUTB |
| 005 |
20190825231559.0 |
| 008 |
950218s1968 xr |||||r|||||||||||cze|d |
| 040 |
|
|
|a ZLD002
|b cze
|c ZLD002
|d ZLD002
|
| 245 |
0 |
0 |
|a CVIČENÍ z fyziky pro studující nefyzikálních oborů
|
| 250 |
|
|
|a 1. vyd.
|
| 260 |
|
|
|a Olomouc :
|b Univerzita Palackého,
|c 1968
|
| 300 |
|
|
|a 191 s.
|
| 650 |
0 |
4 |
|a cvičení
|
| 650 |
0 |
4 |
|a Fyzika
|
| 655 |
|
7 |
|a vysokoškolská skripta
|7 fd190824
|2 czenas
|
| 700 |
1 |
|
|a Bednařík, Milan,
|d 1928-
|7 jk01011332
|4 edt
|
| 910 |
|
|
|a ZLD002
|
| 952 |
|
|
|0 0
|1 0
|4 0
|6 S53CVIČENÍ
|7 0
|8 BOOK
|9 4292
|a UTBZL
|b UTBZL
|c 030
|d 2006-07-29
|i 46933
|l 6
|o S53/CVIČENÍ
|p 420010019186
|r 2019-08-25 00:00:00
|w 2019-08-25
|y 05
|
| 952 |
|
|
|0 0
|1 0
|4 0
|6 S53CVIČENÍ
|7 0
|8 BOOK
|9 4293
|a UTBZL
|b UTBZL
|c 006
|d 2006-07-29
|i 46953
|l 7
|m 5
|o S53/CVIČENÍ
|p 420010016995
|r 2026-03-04 18:46:01
|s 2026-01-09
|w 2019-08-25
|x 20100831
|y 04
|
| 952 |
|
|
|0 0
|1 0
|4 0
|6 S53CVIČENÍ
|7 0
|8 BOOK
|9 4294
|a UTBZL
|b UTBZL
|c 006
|d 2006-07-29
|i 46954
|l 2
|o S53/CVIČENÍ
|p 420010019018
|r 2025-02-17 00:00:00
|w 2019-08-25
|x 20100831
|y 04
|
| 952 |
|
|
|0 0
|1 0
|4 0
|6 S53CVIČENÍ
|7 0
|8 BOOK
|9 4295
|a UTBZL
|b UTBZL
|c 030
|d 2006-07-29
|i 46955
|l 3
|o S53/CVIČENÍ
|p 420010016994
|r 2019-08-25 00:00:00
|w 2019-08-25
|x 20100831
|y 05
|
| 992 |
|
|
|a BK
|b SK
|d 15
|
| 999 |
|
|
|c 2698
|d 2698
|